| 000 | 00505nam a2200181Ia 4500 | ||
|---|---|---|---|
| 008 | 090124s9999 xx 000 0 und d | ||
| 082 |
_b10565 _a1503 |
||
| 100 | _aगांधी महात्मा | ||
| 245 | _a आश्रमपाठ | ||
| 250 | _a1 | ||
| 260 | _c1959 | ||
| 300 | _a32 | ||
| 600 | _aगांधी महात्मा | ||
| 630 | _a आश्रमपाठ | ||
| 700 | _aगांधी महात्मा | ||
| 730 | _a आश्रमपाठ | ||
| 942 | _cBOOK | ||
| 999 |
_c124700 _d124700 |
||